1302 1306 1126 1204 1325 1149 1674 1333 1221 1737 1239 1897 1477 1374 1545 1868 1106 1713 1852 1030 1410 1358 1355 1731 1231 1607 1673 1744 1404 1534 1977 1796 1575 1314 1425 1605 1524 1920 1654 1455 1116 1355 1566 1940 1216 1919 1876 1274 1223 1879 1933 1484 1445 1335 1052 1983 1854 1959 1436 1389 1373 1845 1023 1700 1707 1896 1061 1096 1782 1605 1223 1002 1926 1497 1861 1013 1194 1482 1978 1464 1760 1324 1739 1327 1853 1353 1519 1152 1317 1806 1536 1410 1679 1948 1074 1340 1772 1656 1085 BCNSPRNW ULIB Ver.6.0+V

เปลี่ยนเป็นภาษาไทย

Change to English
 แสดงรายละเอียดบรรณานุกรม
  กลับหน้าหลัก

Brief Record : Get Marc (ISO 2709) : E-mail record : QR code < ปิดหน้าต่าง
LEADER : 00000nam 2200000uu 4500
001    13399121546
003     ULIB
008    121122s2546||||th 000 0 tha d
020    ^a9749507304
024    ^a9789749507308
060 04 ^aWW140^bศ324ต
245 00 ^aตำราจักษุวิทยาเด็กและตาเข /^cโดย ชมรมจักษุวิทยาเด็กและตาเขราชวิทยาลัยจักษุแพทย์แห่งประเทศไทย ; บรรณาธิการ ศักดิ์ชัย วงศกิตติรักษ์, สุดารัตน์ ใหญ่สว่าง
250    ^aพิมพ์ครั้งที่ 1
260    ^aกรุงเทพฯ :^bหมอชาวบ้าน,^c2546
300    ^a(18), 348 หน้า :^bภาพประกอบ (สีบางภาพ) ;^c27 ซม.
504    ^aบรรณานุกรม
591    ^aLIRV มีพิมพ์ครั้งที่ 2 ปี 2546
650  2 ^aOphthalmology
650  2 ^aStrabismus
650  7 ^aจักษุวิทยา^xในวัยทารกและวัยเด็ก
650  7 ^aตา, โรค^xในวัยทารกและวัยเด็ก
650  7 ^aตาเหล่
653    ^aผลงานอาจารย์คณะแพทยศาสตร์ศิริราชพยาบาล
700 0  ^aศักดิ์ชัย วงศกิตติรักษ์,^eบรรณาธิการ
700 0  ^aสุดารัตน์ ใหญ่สว่าง,^eบรรณาธิการ
710 2  ^aราชวิทยาลัยจักษุแพทย์แห่งประเทศไทย.^bชมรมจักษุวิทยาเด็กและตาเข
945    ^p450^l0^i24370
995    ^aวิภา
999 ^a ใช้งานได้ทุกระบบ
รายการนี้ยังไม่มีแท็ก
คุณยังไม่ได้ล็อกอิน คุณสามารถมีกิจกรรมร่วมกับเว็บไซต์ได้ แต่ต้องล็อกอินก่อน ::
  ล็อกอิน

รายการสื่อสารสนเทศ

ลำดับที่ ประเภท เลขเรียก/บาร์โค้ด สถานที่ สถานะ
1. วิทยาศาสตร์การแพทย์ และสุขภาพ
วิทยาศาสตร์การแพทย์ และสุขภาพ
WW140 ศ324ต  
  Barcode: 24370
ห้องสมุดวิทยาเขตสวรรค์ประชารักษ์
►หนังสือทั่วไป
บนชั้น

รายการใกล้เคียง
    หัวเรื่อง [Ophthalmology]

BibComment


ยังไม่เคยถูกคอมเมนท์

คอมเมนท์ทรัพยากรรายการนี้
  คอมเมนท์: ตำราจักษุวิทยาเด..


 Copyright 2026. Bcnsprnw @Library